Представление документа в формате MARC21

Поле Инд. ПП Название Значение
Тип записи a
Библиографический уровень b
001 Контрольный номер RU/IS/BASE/308418666
005 Дата корректировки 20200522191343.0
008 Кодируемые данные 20091009
040 b Код языка каталог. rus
e Правила каталог. PSBO
041 0_ a Код языка текста rus
084 a Индекс другой классификации/Индекс ББК 67.400.7(5Каз); 67.401.011.2(5Каз)
100 1_ a Автор Айтказинов Е. Б.
245 10 a Заглавие Представительные и исполнительные органы власти регионального уровня республики Казахстан: некоторые вопросы правового статуса
504 a Библиография Подстроч. примеч. и библиогр.
650 a Основная рубрика административное право
a Основная рубрика конституционное право (государственное право)
a Основная рубрика право
653 a Ключевые слова акиматы
a Ключевые слова государственное управление
a Ключевые слова исполнительные органы власти
a Ключевые слова Казахстан
a Ключевые слова маслихаты
a Ключевые слова местное государственное управление
a Ключевые слова местное управление
a Ключевые слова представительные органы власти
a Ключевые слова региональная власть
a Ключевые слова региональные органы управления
773 08 t Заглавие источника Вестник Московского университета. Серия 11, Право
d Дата издания источника 2009
g Прочая информация № 1. - С. 93 - 104
w Контрольный № источника RU/IS/BASE/299591405
901 t Тип документа b